[Event "Corsica-chT"]
[Site "Ponte Leccia"]
[Date "2010.03.28"]
[Round "1"]
[White "Tinomano, Johann"]
[Black "Vilaisarn, Akkhavanh"]
[Result "0-1"]
[WhiteElo "1621"]
[BlackElo "2291"]
[PlyCount "86"]
[EventDate "2010.03.28"]
[EventType "team-tourn"]
[EventRounds "9"]
[EventCountry "FRA"]
[SourceTitle "EXT 2012"]
[Source "ChessBase"]
[SourceDate "2011.11.24"]
[SourceVersion "1"]
[SourceVersionDate "2011.11.24"]
[SourceQuality "1"]

1. b3 e5 2. Bb2 Nc6 3. e3 d5 4. Bb5 Bd6 5. c4 dxc4 6. Qf3 Nge7 7. Bxc4 0-0 8. Ne2 Na5 9. 0-0 Nxc4 10. bxc4 f5 11. Nbc3 e4 12. Qh5 Be6 13. Nd5 Bxd5 14. cxd5 Nxd5 15. Nd4 Qe8 16. Qxe8 Raxe8 17. Rfc1 Nb4 18. Ba3 a6 19. Bxb4 Bxb4 20. Rxc7 f4 21. Rxb7 Bxd2 22. Nb3 fxe3 23. Nxd2 exd2 24. Rd7 Rd8 25. Rxd8 Rxd8 26. Rd1 Rc8 27. Kf1 Rc2 28. Ke2 Rxa2 29. Rxd2 Ra4 30. Ke3 Kf7 31. Rd4 Rxd4 32. Kxd4 Ke6 33. Kxe4 Kf6 34. Kd5 Kf5 35. Kc5 Ke4 36. Kb6 Kd3 37. Kxa6 Ke2 38. f4 Kf2 39. g4 Kf3 40. g5 Kxf4 41. g6 hxg6 42. Kb5 Kg4 43. Kc4 Kh3 0-1

[Event "Corsica-chT"]
[Site "Porticcio"]
[Date "2007.03.18"]
[Round "1.4"]
[White "Tinomano, Johann"]
[Black "Grimaldi, Antoine"]
[Result "0-1"]
[WhiteElo "1520"]
[BlackElo "2050"]
[PlyCount "36"]
[EventDate "2007.03.07"]
[EventType "team-tourn"]
[EventRounds "9"]
[EventCountry "FRA"]
[SourceTitle "CBM 117 Extra"]
[Source "ChessBase"]
[SourceDate "2007.05.09"]
[SourceVersion "1"]
[SourceVersionDate "2007.05.09"]
[SourceQuality "1"]
[WhiteTeam "Balagna CC II"]
[BlackTeam "Echecs Club Ajaccien"]
[WhiteTeamCountry "FRA"]
[BlackTeamCountry "FRA"]

1. e4 e5 2. Nf3 Nc6 3. Nc3 Nf6 4. Bc4 Bc5 5. d3 d6 6. Bd2 h6 7. Bb5 0-0 8. h3 Be6 9. 0-0 Ne7 10. Na4 Bb6 11. Nxb6 axb6 12. c4 Ng6 13. Ba4 Nh5 14. Bc2 Nhf4 15. Bxf4 Nxf4 16. h4 Bg4 17. g3 Ne6 18. Kg2 Nd4 0-1